Películas por foto #1 - Estadísticas

Estadísticas generales
  • Esta prueba ha sido intentada 1.185 veces
  • La puntuación promedio es 13 de 16
Estadísticas de respuestas
Imagen Respuesta % Correcto
Titanic
99%
Shrek
98%
Spiderman
98%
Chucky
97%
E.T.
96%
El Padrino
94%
El mago de Oz
93%
Tiburón
93%
Bolt
87%
Vaselina
83%
Mary Poppins
80%
El diablo viste a la moda
78%
Mamma Mia
76%
Mujer Bonita
70%
Ghost
50%
Rojo, blanco y sangre azul
29%
No se encontraron pruebas coincidentes
Distribución de puntuación
Porcentaje de gente con cada puntuación
Porcentaje por número respondido
Historial de tus puntuaciones
No has intentado esta prueba.